| 000 | 01075nam a2200325 4500 | ||
|---|---|---|---|
| 001 | 177868 | ||
| 003 | ES-MaACL | ||
| 005 | 20231205142922.0 | ||
| 008 | 110503s2009 sp |||| | spa d | ||
| 017 | _aBI-1350-09 | ||
| 020 | _a9788496288782 | ||
| 080 | _a1 Zubiri, Xavier | ||
| 080 | _a316.6 | ||
| 080 | _a930.1 | ||
| 080 | _a316.7 | ||
| 100 | 1 |
_aArtamendi Muguerza, J. Antonio. _9146352 |
|
| 245 | 1 | 0 |
_aHablando con Xavier Zubiri III _b: sociedad, historia, ciencia / _cJosé Antonio Artamendi Muguerza. |
| 260 |
_aLasarte-Oria [Guipúzcoa] : _bEtor-Ostoa, _c[2009] |
||
| 300 |
_a189 p. ; _c23 cm. |
||
| 490 | 1 | _aGizarte = Sociedad | |
| 600 | 1 | 4 |
_aZubiri, Xavier, _d1898-1983- _xCrítica e interpretación _9118407 |
| 650 | 0 | 7 |
_aIndividuo y sociedad. _9178816 |
| 650 | 7 |
_aHistoria- _xFilosofía. _913380 |
|
| 650 |
_aSociología de la cultura. _9146353 |
||
| 830 | 0 |
_aGizarte = Sociedad _9224221 |
|
| 852 |
_aES-MaACL _9R.145739 _jA-11130 _dOlim:N-4135 _cDEPO1 |
||
| 942 |
_2udc _cMONOGRAFIA |
||
| 999 |
_c177868 _d177868 |
||